000 00765nam a2200229Ia 4500
001 462
003 GE_BSU
008 181216s||||||||xx |||||||||||||| ||und||
020 _a9789994094165
040 _cGE_BSU
080 _a338.47(075.8)
100 _aდევაძე,ბაგრატ; იმნაიშვილი,ვალერიან
245 _aსაზღვაო ტრანსპორტის ეკონომიკა
245 _bსახელმძღვანელო
260 _aთბილისი
260 _bთობალისი
260 _c2008
300 _a194გვ.
541 _h10ლ.
653 _aსაზღვაო ტრანსპორტის ეკონომიკა
942 _cBK
999 _c34678
_d34678